Glassheim, Eagle. Noble nationalists. - Cambridge, Mass. [u.a.]

Titel: Glassheim, Eagle. Noble nationalists. - Cambridge, Mass. [u.a.] : Harvard Univ. Press. - 2005 [Rezension]
Verfasser:
In: Slavic review, Band 65 (2006), Seite 802-803
alle Artikel anzeigen
Veröffentlicht: 2006
Format: Aufsatz
Sprache: Englisch
Kein Bild verfügbar
X
alg: 39489585
001A    $01999:12-11-16 
001B    $03025:29-02-24 $t13:01:04.000 
001D    $01999:12-11-16 
001U    $0utf8 
001X    $00 
002@    $0Aox 
003@    $0394895851 
006N    $000627879 
007A    $0394895851 $aHEB 
007D    $asw061228 
007I    $0swets118728728 
007T    $0Herdc0040721m 
010@    $aeng 
011@    $a2006 
021A    $aGlassheim, Eagle. Noble nationalists. - Cambridge, Mass. {[u.a.] $dHarvard Univ. Press. -  2005 [Rezension] 
028A    $aZacek $dJoseph Frederick 
031A    $d65 $h802-803 $j2006 
039B    $aIn $8--Abvc--. Slavic review. - Cambridge : Cambridge University Press, 1961-. - ISSN 0037-6779 $x200600000650000198 $9047271809 
039T    $8--Aau--Glassheim, Eagle [Tp3]. Noble nationalists. - Cambridge, Mass. {[u.a.] : Harvard Univ. Press, 2005. - XIII, 299 S.. - Ill., Kt.. - ISBN 978-0-674-01889-1 $9133767442 
045F    $a900.94371 $eDDC23BSB 
045F/01 $a900 
045F/03 $g4371 
045T    $a3,6 $a7,41 

lok: 39489585 78

exp: 39489585 78 1 #EPN
201B/01 $026-11-17 $t03:50:58.000 
201U/01 $0utf8 
203@/01 $0791194434 
208@/01 $a12-11-16 $be 
209A/01 $a/ $f000 $x00 
220C/01 $aTitelaufnehmer: kh 
220C/01 $aHerkunft: HI Marburg 
244Z/01 $#Tschechien $#Tschechische Republik $#Tschechische Republik $#Tschechenland $#Tschechei Tschechien $#Česká Republika $#Czech Republic $#ČR $74303381-7 $8--Tg1--Tschechien $x01 $9086659812 
244Z/01 $2Trx $#Böhmen $#Bohemia $#Czechy $8--Trx--Čechy $x02 $9391188941 
244Z/01 $2Trx $#arvustused $#recenzijos $#Reviews $#recenziók $#recenzje $#recenzie $#recenze $8--Trx--Rezensionen $x03 $9391357441 
247C/01 $82080>Marburg/Lahn, Herder-Institut, Forschungsbibliothek, Bibliographieportal $9336309341
LEADER 00000caa a22000002c 4500
001 394895851
003 DE-603
005 20240229130104.0
007 tu
008 161112s2006 xx |||| | u00||u|eng c
035 |a (DE-599)HEB394895851 
035 |a (NL-LiSWE)00627879 
040 |a DE-603  |b ger  |c DE-603  |d DE-603 
041 |a eng 
082 0 4 |8 1\u  |a 900.94371  |q DE-101  |2 23/BSB 
084 |a 3,6  |a 7,41  |2 ssgn 
085 |8 1\u  |b 900 
085 |8 1\u  |z 2  |s 4371 
100 1 |a Zacek, Joseph Frederick 
245 0 0 |a Glassheim, Eagle. Noble nationalists. - Cambridge, Mass. ˜[u.a.]œ  |b Harvard Univ. Press. - 2005 [Rezension] 
264 0 |c 2006 
773 0 8 |i In  |t Slavic review  |d Cambridge : Cambridge University Press, 1961-  |x 0037-6779  |g Band 65 (2006), Seite 802-803  |w (DE-603)047271809  |w (DE-600)203404-9 
787 0 8 |i Rezension von  |a Glassheim, Eagle  |t Noble nationalists  |d Cambridge, Mass. ˜[u.a.] œ: Harvard Univ. Press, 2005  |h XIII, 299 S., Ill., Kt.  |z 9780674018891  |w (DE-603)133767442 
924 0 |9 2080  |a (DE-603)791194434  |b DE-2080  |c HES  |d d  |g /